[Event "Skakligaen 2022-23"]
[Site "Denmark"]
[Date "2023.03.25"]
[Round "8.4"]
[White "Rostgaard, Tobias Valentin"]
[Black "Matthiesen, Arne"]
[Result "0-1"]
[WhiteElo "2323"]
[BlackElo "2314"]
[PlyCount "72"]
[EventDate "2022.10.29"]
[EventType "team-tourn"]
[EventRounds "9"]
[EventCountry "DEN"]
[SourceTitle "Live v. Kasper Jerwiarz"]
[WhiteTeam "BMS"]
[BlackTeam "SK1968"]

1. e4 e6 2. d4 d5 3. Nd2 dxe4 4. Nxe4 Nd7 5. Nf3 Ngf6 6. Nxf6+ Nxf6 7. Bd3 c5
8. O-O cxd4 9. Nxd4 Bc5 10. Nf3 O-O 11. Bg5 h6 12. Bh4 b6 13. Qe2 Bb7 14. Rad1
Qc7 15. Bxf6 gxf6 16. Be4 Bxe4 17. Qxe4 Rfd8 18. c3 Rxd1 19. Rxd1 Rd8 20. Rxd8+
Qxd8 21. g4 b5 22. Kg2 Kg7 23. h4 Bb6 24. a4 bxa4 25. Qxa4 Qd3 26. g5 hxg5 27.
hxg5 fxg5 28. Qg4 Qe2 29. Qxg5+ Kf8 30. Qh6+ Kg8 31. Qh4 Qd3 32. Qg4+ Kf8 33.
Qg3 Ke7 34. Qg5+ Kf8 35. Qf6 Qe4 36. Qxf7+ Kxf7 0-1

[Event "Skakligaen 2022-23"]
[Site "Denmark"]
[Date "2023.03.25"]
[Round "8.5"]
[White "Hansen, Lars"]
[Black "Kistrup, Nicolai"]
[Result "0-1"]
[WhiteElo "2259"]
[BlackElo "2274"]
[PlyCount "60"]
[EventDate "2022.10.29"]
[EventType "team-tourn"]
[EventRounds "9"]
[EventCountry "DEN"]
[SourceTitle "Live v. Kasper Jerwiarz"]
[WhiteTeam "SK1968"]
[BlackTeam "BMS"]

1. e4 c5 2. Nc3 Nc6 3. Bb5 Nd4 4. Nf3 e6 5. O-O a6 6. Bd3 Nc6 7. e5 d5 8. exd6
Bxd6 9. Re1 Nf6 10. Ne4 O-O 11. Nxf6+ Qxf6 12. Be4 Nd4 13. Nxd4 cxd4 14. c4 Rb8
15. d3 e5 16. Bd2 b5 17. c5 Bxc5 18. f4 Qh4 19. Rc1 Be7 20. g3 Qh6 21. Rc6 g6
22. Qc1 Qh5 23. fxe5 Be6 24. Rxe6 fxe6 25. Qc7 Bg5 26. Bxg5 Qxg5 27. Qd6 Qd2
28. Qxe6+ Kh8 29. Rf1 Qe3+ 30. Kg2 Qe2+ 0-1

[Event "Skakligaen 2022-23"]
[Site "Denmark"]
[Date "2023.03.25"]
[Round "8.6"]
[White "Jacobsen, Mikkel Manosri"]
[Black "Rewitz, Poul"]
[Result "1-0"]
[WhiteElo "2267"]
[BlackElo "2172"]
[PlyCount "53"]
[EventDate "2022.10.29"]
[EventType "team-tourn"]
[EventRounds "9"]
[EventCountry "DEN"]
[SourceTitle "Live v. Kasper Jerwiarz"]
[WhiteTeam "BMS"]
[BlackTeam "SK1968"]

1. d4 d5 2. Nf3 Bf5 3. Bf4 e6 4. c4 Bd6 5. Bg3 Nc6 6. Nc3 Nf6 7. e3 O-O 8. Ne5
Ne4 9. cxd5 Nxg3 10. Nxc6 bxc6 11. hxg3 cxd5 12. Bd3 Bg6 13. Bxg6 hxg6 14. Rc1
Qg5 15. Nb5 Bxg3 16. fxg3 Qxe3+ 17. Kf1 Rab8 18. Rc3 Qg5 19. Qe2 c6 20. Nxa7
Qf6+ 21. Ke1 Ra8 22. g4 Qf4 23. Nxc6 Rfe8 24. a3 f6 25. Qf3 Qg5 26. g3 Ra6 27.
Qf4 1-0

[Event "Skakligaen 2022-23"]
[Site "Denmark"]
[Date "2023.03.25"]
[Round "8.8"]
[White "Seegert, Kristian"]
[Black "Christensen, Thomas K"]
[Result "1-0"]
[WhiteElo "2211"]
[BlackElo "2187"]
[PlyCount "107"]
[EventDate "2022.10.29"]
[EventType "team-tourn"]
[EventRounds "9"]
[EventCountry "DEN"]
[SourceTitle "Live v. Kasper Jerwiarz"]
[WhiteTeam "BMS"]
[BlackTeam "SK1968"]

1. e4 c5 2. Nf3 d6 3. d4 cxd4 4. Nxd4 Nf6 5. Nc3 a6 6. Bg5 e6 7. f4 Qb6 8. Nb3
Nbd7 9. Qf3 Be7 10. O-O-O Qc7 11. g4 b5 12. a3 Bb7 13. Bg2 Rc8 14. Qe2 Nb6 15.
Rd3 Nc4 16. Kb1 h6 17. Bh4 g5 18. Bg3 gxf4 19. Bxf4 Nd7 20. h4 Nde5 21. Rdh3
Qb6 22. g5 b4 23. axb4 Qxb4 24. Na2 Qb5 25. Nc3 Qb6 26. gxh6 a5 27. Nd1 a4 28.
Nc1 Ba6 29. Qf2 Qb4 30. Na2 Qb7 31. Bg5 Rb8 32. Qd4 f6 33. Bc1 Nc6 34. Qc3 e5
35. Bf1 N6a5 36. Rg1 d5 37. exd5 Rc8 38. Rg7 Qxd5 39. Rd3 Qh1 40. Be2 Na3+ 41.
Qxa3 Bxa3 42. Bh5+ Kf8 43. Rf7+ Ke8 44. Rh7+ Kf8 45. Rxh8+ Ke7 46. Rh7+ Ke6 47.
Bf7+ Kf5 48. Ne3+ Kf4 49. Rxa3 Nc6 50. Rg7 e4 51. h7 Rh8 52. Bd5 Bb5 53. Rg4+
Ke5 54. Rxe4+ 1-0

[Event "Skakligaen 2022-23"]
[Site "Denmark"]
[Date "2023.03.25"]
[Round "8.2"]
[White "Aagaard, Jacob"]
[Black "Vinther Schou, Uffe"]
[Result "1/2-1/2"]
[WhiteElo "2455"]
[BlackElo "2382"]
[PlyCount "71"]
[EventDate "2022.10.29"]
[EventType "team-tourn"]
[EventRounds "9"]
[EventCountry "DEN"]
[SourceTitle "Live v. Kasper Jerwiarz"]
[WhiteTeam "Bronshoj"]
[BlackTeam "AarhusSkolerne"]

1. e4 c5 2. Nf3 e6 3. d4 cxd4 4. Nxd4 a6 5. Bd3 Nf6 6. Qe2 d6 7. O-O Nbd7 8.
Nc3 Be7 9. Bd2 Qc7 10. Kh1 b6 11. f4 g6 12. Rae1 O-O 13. e5 dxe5 14. fxe5 Nh5
15. Bh6 Ng7 16. Rf3 Nc5 17. Ne4 Bb7 18. Nf6+ Bxf6 19. Rxf6 Rfd8 20. Bxg7 Rxd4
21. Ref1 Rxd3 22. cxd3 Kxg7 23. b4 Na4 24. Qf2 Rf8 25. Rxe6 Qd8 26. Rd6 Qe7 27.
d4 Nc3 28. Qe3 Nd5 29. Qf3 Kg8 30. Rxd5 Qe6 31. Rd6 Bxf3 32. Rxe6 Bxg2+ 33.
Kxg2 fxe6 34. Rc1 Rd8 35. Rc6 Rxd4 36. Rxb6 1/2-1/2

[Event "Skakligaen 2022-23"]
[Site "Denmark"]
[Date "2023.03.25"]
[Round "8.3"]
[White "Skytte, Rasmus"]
[Black "Vasli, Aref"]
[Result "1/2-1/2"]
[WhiteElo "2354"]
[BlackElo "2374"]
[PlyCount "36"]
[EventDate "2022.10.29"]
[EventType "team-tourn"]
[EventRounds "9"]
[EventCountry "DEN"]
[SourceTitle "Live v. Kasper Jerwiarz"]
[WhiteTeam "AarhusSkolerne"]
[BlackTeam "Bronshoj"]

1. d4 Nf6 2. c4 e6 3. Nc3 c5 4. d5 exd5 5. cxd5 d6 6. Nf3 g6 7. e4 a6 8. a4 Bg4
9. Be2 Bxf3 10. Bxf3 Bg7 11. O-O O-O 12. Bf4 Ne8 13. Qd2 Nd7 14. Be2 Rb8 15.
Bg5 Bf6 16. Bh6 Bg7 17. Bg5 Bf6 18. Bh6 Bg7 1/2-1/2

[Event "Skakligaen 2022-23"]
[Site "Denmark"]
[Date "2023.03.25"]
[Round "8.4"]
[White "Pilgaard, Kim"]
[Black "Sorensen, Jan"]
[Result "0-1"]
[WhiteElo "2379"]
[BlackElo "2370"]
[PlyCount "156"]
[EventDate "2022.10.29"]
[EventType "team-tourn"]
[EventRounds "9"]
[EventCountry "DEN"]
[SourceTitle "Live v. Kasper Jerwiarz"]
[WhiteTeam "Bronshoj"]
[BlackTeam "AarhusSkolerne"]

1. d4 d5 2. Nf3 Nf6 3. g3 e6 4. Bg2 Bd6 5. O-O O-O 6. c4 h6 7. Qc2 b6 8. cxd5
exd5 9. Nc3 Re8 10. Rd1 Bb7 11. Nb5 Nc6 12. a3 a6 13. Nc3 Ne7 14. Ne5 Rb8 15.
h3 Qc8 16. Qb3 Ba8 17. g4 c5 18. Bf4 cxd4 19. Na2 Qe6 20. Nd3 Ng6 21. Bxd6 Qxd6
22. Re1 h5 23. Qb4 Qxb4 24. Naxb4 hxg4 25. Nxa6 Rbd8 26. Nc7 Re7 27. Nb5 gxh3
28. Bxh3 Re4 29. Rac1 Bb7 30. Bf5 Nh4 31. Bh3 Ba6 32. a4 Re7 33. Nxd4 Re4 34.
Nc6 Rde8 35. Ncb4 Bxd3 36. Nxd3 Rxa4 37. Kf1 Rd4 38. Red1 Ne4 39. b3 Ng5 40.
Bd7 Re7 41. Bc6 Nf5 42. Ra1 Rc7 43. Rac1 Ne7 44. Bb5 Ne6 45. e3 Rh4 46. Kg2 g5
47. Rxc7 Nxc7 48. Bd7 d4 49. Kf3 dxe3 50. fxe3 Ncd5 51. Rg1 f6 52. e4 Nf4 53.
Nf2 Neg6 54. Bf5 Rh2 55. Kg3 Rh7 56. Rd1 Rc7 57. Rd8+ Kg7 58. Ng4 Rc3+ 59. Kh2
Ne5 60. Nxe5 fxe5 61. b4 Rb3 62. Rd7+ Kf8 63. Rd8+ Ke7 64. Rg8 Rxb4 65. Rxg5
Rb2+ 66. Kg1 Kd6 67. Kf1 Kc5 68. Ke1 Kd4 69. Rg3 b5 70. Kd1 b4 71. Kc1 Rf2 72.
Kb1 Nd3 73. Bh7 b3 74. Rg1 Rb2+ 75. Ka1 Rc2 76. Kb1 Kc3 77. Rd1 Rb2+ 78. Ka1
Kc2 0-1

[Event "Skakligaen 2022-23"]
[Site "Denmark"]
[Date "2023.03.25"]
[Round "8.5"]
[White "Baekgaard, Martin"]
[Black "Hoi, Carsten"]
[Result "1/2-1/2"]
[WhiteElo "2296"]
[BlackElo "2344"]
[PlyCount "98"]
[EventDate "2022.10.29"]
[EventType "team-tourn"]
[EventRounds "9"]
[EventCountry "DEN"]
[SourceTitle "Live v. Kasper Jerwiarz"]
[WhiteTeam "AarhusSkolerne"]
[BlackTeam "Bronshoj"]

1. d4 Nf6 2. c4 g6 3. Nc3 Bg7 4. e4 d6 5. Nf3 O-O 6. Be2 e5 7. O-O Nc6 8. d5
Ne7 9. b4 h6 10. Ne1 Nh7 11. Nd3 f5 12. f3 g5 13. c5 Ng6 14. Be3 Nf4 15. Rc1
Bd7 16. Nf2 Nxe2+ 17. Qxe2 f4 18. Bd2 h5 19. c6 bxc6 20. Qc4 c5 21. bxc5 g4 22.
Ne2 Ng5 23. Rc3 Rb8 24. a4 Qe8 25. Ra1 Qg6 26. Kh1 h4 27. fxg4 f3 28. Bxg5
fxg2+ 29. Kxg2 Qxg5 30. h3 Rb2 31. Rb3 Rd2 32. Raa3 Be8 33. Rf3 Bg6 34. cxd6
cxd6 35. Rxf8+ Bxf8 36. Rf3 Bg7 37. Nc3 Qd8 38. Rd3 Rb2 39. Ncd1 Rb8 40. Ne3
Rb2 41. Rb3 Bxe4+ 42. Kg1 Rxb3 43. Qxb3 Bg6 44. Qb7 a5 45. Qc6 e4 46. Nf5 Bxf5
47. gxf5 Bd4 48. Kf1 Qb8 49. Qc2 Bxf2 1/2-1/2

[Event "Skakligaen 2022-23"]
[Site "Denmark"]
[Date "2023.03.25"]
[Round "8.6"]
[White "Bromann, Thorbjorn"]
[Black "Pedersen, Finn"]
[Result "1/2-1/2"]
[WhiteElo "2374"]
[BlackElo "2266"]
[PlyCount "98"]
[EventDate "2022.10.29"]
[EventType "team-tourn"]
[EventRounds "9"]
[EventCountry "DEN"]
[SourceTitle "Live v. Kasper Jerwiarz"]
[WhiteTeam "Bronshoj"]
[BlackTeam "AarhusSkolerne"]

1. d4 d5 2. Bg5 h6 3. Bh4 c6 4. Nf3 Qb6 5. Qc1 Bg4 6. Nbd2 Nd7 7. e3 e6 8. c4
Bxf3 9. Nxf3 Bb4+ 10. Nd2 Ngf6 11. a3 Bxd2+ 12. Qxd2 g5 13. Bg3 Ne4 14. Qc2 h5
15. cxd5 exd5 16. Bd3 O-O-O 17. Bxe4 dxe4 18. Qxe4 Rhe8 19. Qd3 Qa5+ 20. b4 Qd5
21. h4 Qxg2 22. O-O-O g4 23. b5 Re6 24. Kb2 Qd5 25. bxc6 Rxc6 26. Rc1 Nc5 27.
Qc2 Ne4 28. Qa4 Nxg3 29. fxg3 Kb8 30. Rxc6 Qxh1 31. Qa5 bxc6 32. Qxd8+ Kb7 33.
Qe7+ Ka6 34. Qxf7 Qg2+ 35. Kb3 Qxg3 36. Qc4+ Kb7 37. Qb4+ Ka8 38. Qe7 Qb8+ 39.
Kc2 Qg8 40. Qe4 Qc4+ 41. Kd2 Qa2+ 42. Ke1 Qd5 43. Qe7 Kb8 44. Qf8+ Kb7 45. Kf2
a5 46. a4 Kc7 47. Qf4+ Kb7 48. Qf8 Kc7 49. Qf4+ Kb7 1/2-1/2

[Event "Skakligaen 2022-23"]
[Site "Denmark"]
[Date "2023.03.25"]
[Round "8.7"]
[White "Sobjerg, Erik"]
[Black "Aabling Thomsen, Jakob"]
[Result "1-0"]
[WhiteElo "2252"]
[BlackElo "2349"]
[PlyCount "129"]
[EventDate "2022.10.29"]
[EventType "team-tourn"]
[EventRounds "9"]
[EventCountry "DEN"]
[SourceTitle "Live v. Kasper Jerwiarz"]
[WhiteTeam "AarhusSkolerne"]
[BlackTeam "Bronshoj"]

1. e4 c5 2. Nc3 Nc6 3. Nf3 g6 4. Bb5 Bg7 5. O-O e5 6. Bxc6 dxc6 7. d3 Qe7 8. a3
Nf6 9. b4 O-O 10. Be3 Nd7 11. Qb1 b6 12. Na4 cxb4 13. axb4 Bb7 14. Qb3 Kh8 15.
Rfe1 f5 16. exf5 gxf5 17. Nc3 Bf6 18. Bh6 Rg8 19. Re2 Qe8 20. Ne1 Qh5 21. Qe6
Qxh6 22. Qxd7 Rg7 23. Qxf5 e4 24. Ra3 Rag8 25. g3 exd3 26. Qxd3 Ba8 27. Ne4 c5
28. bxc5 bxc5 29. Ra6 Rg6 30. Rxf6 Rxf6 31. Nxf6 Qxf6 32. Qe3 Rc8 33. Qe5 Qxe5
34. Rxe5 a5 35. f4 a4 36. Re3 c4 37. Ra3 Bc6 38. Kf2 Rd8 39. Ke3 Rd1 40. Ke2
Rd6 41. Nf3 Bb5 42. Ke3 Rd1 43. Nd4 Be8 44. Ke4 Bg6+ 45. f5 Re1+ 46. Kd5 Bf7+
47. Ne6 Be8 48. Rc3 Kg8 49. g4 Kf7 50. g5 Bd7 51. Nd4 Rf1 52. Ke5 Re1+ 53. Kd6
Rd1 54. Kc5 Rf1 55. f6 Rh1 56. Kxc4 Rxh2 57. Re3 Bg4 58. Re7+ Kf8 59. Kb4 Rh5
60. Rg7 Rh4 61. c3 Rh3 62. Nb5 Bf5 63. Nd6 Rh4+ 64. c4 Bg6 65. Rc7 1-0

[Event "Skakligaen 2022-23"]
[Site "Denmark"]
[Date "2023.03.25"]
[Round "8.8"]
[White "Palm, Nikolaj"]
[Black "Rendboe, John Filip"]
[Result "1/2-1/2"]
[WhiteElo "2308"]
[BlackElo "2181"]
[PlyCount "25"]
[EventDate "2022.10.29"]
[EventType "team-tourn"]
[EventRounds "9"]
[EventCountry "DEN"]
[SourceTitle "Live v. Kasper Jerwiarz"]
[WhiteTeam "Bronshoj"]
[BlackTeam "AarhusSkolerne"]

1. d4 d5 2. c4 e6 3. Nc3 Be7 4. Bf4 Nf6 5. e3 O-O 6. Nf3 b6 7. Bd3 Bb7 8. O-O
c5 9. Qe2 Nc6 10. Rad1 cxd4 11. exd4 Nb4 12. Bb1 dxc4 13. Ne5 1/2-1/2

[Event "Skakligaen 2022-23"]
[Site "Denmark"]
[Date "2023.03.25"]
[Round "8.1"]
[White "Hansen, Sune Berg"]
[Black "Bjerre, Jonas Buhl"]
[Result "1/2-1/2"]
[WhiteElo "2525"]
[BlackElo "2612"]
[PlyCount "57"]
[EventDate "2022.10.29"]
[EventType "team-tourn"]
[EventRounds "9"]
[EventCountry "DEN"]
[SourceTitle "Live v. Kasper Jerwiarz"]
[WhiteTeam "Hillerod"]
[BlackTeam "Skanderborg"]

1. Nf3 Nf6 2. g3 d5 3. Bg2 e6 4. O-O Be7 5. d3 O-O 6. Bf4 Nc6 7. c4 d4 8. Na3
Nd7 9. Nc2 a5 10. b3 e5 11. Bc1 Nc5 12. Ba3 Na6 13. Bxe7 Qxe7 14. e3 dxe3 15.
Nxe3 Rd8 16. Nd5 Qd6 17. Ng5 h6 18. Ne4 Qf8 19. f4 exf4 20. Rxf4 Ncb4 21. Nxb4
axb4 22. d4 c6 23. Qh5 Qe7 24. g4 Rxd4 25. Raf1 Rxe4 26. Rxe4 Be6 27. h3 Nc5
28. Re2 Rd8 29. Qe5 1/2-1/2

[Event "Skakligaen 2022-23"]
[Site "Denmark"]
[Date "2023.03.25"]
[Round "8.2"]
[White "Andersen, Mads"]
[Black "Schandorff, Lars"]
[Result "1-0"]
[WhiteElo "2604"]
[BlackElo "2476"]
[PlyCount "65"]
[EventDate "2022.10.29"]
[EventType "team-tourn"]
[EventRounds "9"]
[EventCountry "DEN"]
[SourceTitle "Live v. Kasper Jerwiarz"]
[WhiteTeam "Skanderborg"]
[BlackTeam "Hillerod"]

1. e4 e5 2. Nf3 Nc6 3. Bc4 Nf6 4. d3 Bc5 5. O-O d6 6. c3 a5 7. Re1 O-O 8. h3 h6
9. Bb3 Ba7 10. d4 Re8 11. Bc2 exd4 12. cxd4 Nb4 13. Nc3 Nxc2 14. Qxc2 d5 15. e5
Ne4 16. Nxe4 Bf5 17. Nf6+ Qxf6 18. Qxc7 Qa6 19. Be3 Rac8 20. Qd6 Qb5 21. a4 Qc6
22. Rac1 Qxa4 23. Qxd5 Qb4 24. Bd2 Qxb2 25. e6 Bxe6 26. Rxc8 Bxd5 27. Rexe8+
Kh7 28. Ne5 g5 29. Rh8+ Kg7 30. Rcg8+ Kf6 31. Rxh6+ Kf5 32. Rxg5+ Ke4 33. Rh4#
1-0

[Event "Skakligaen 2022-23"]
[Site "Denmark"]
[Date "2023.03.25"]
[Round "8.3"]
[White "Percivaldi, Martin"]
[Black "Svane, Frederik"]
[Result "0-1"]
[WhiteElo "2400"]
[BlackElo "2566"]
[PlyCount "86"]
[EventDate "2022.10.29"]
[EventType "team-tourn"]
[EventRounds "9"]
[EventCountry "DEN"]
[SourceTitle "Live v. Kasper Jerwiarz"]
[WhiteTeam "Hillerod"]
[BlackTeam "Skanderborg"]

1. d4 Nf6 2. c4 g6 3. Nc3 Bg7 4. e4 d6 5. Bd3 O-O 6. Nge2 Nc6 7. O-O Nh5 8. Be3
e5 9. d5 Nd4 10. Bc2 Nxc2 11. Qxc2 f5 12. exf5 Bxf5 13. Qd2 Qh4 14. f3 Nf4 15.
g3 Nxe2+ 16. Qxe2 Qe7 17. g4 Bd7 18. Ne4 b6 19. Kg2 Bf6 20. b4 a5 21. a3 Qe8
22. Bd2 Be7 23. bxa5 bxa5 24. Rab1 Qc8 25. c5 dxc5 26. Rfc1 Rb8 27. Rxb8 Qxb8
28. Bh6 Rf7 29. Nxc5 Bd6 30. Rc3 Qb6 31. Ne4 Bf8 32. Be3 Qb7 33. Qa2 h6 34. Qc4
Qb2+ 35. Kg3 Bb5 36. Qb3 Qe2 37. Bf2 a4 38. Qb1 Kg7 39. Qe1 Qa2 40. Qc1 Qxd5
41. Rxc7 Bd3 42. Rxf7+ Qxf7 43. Qc3 Qf4+ 0-1

[Event "Skakligaen 2022-23"]
[Site "Denmark"]
[Date "2023.03.25"]
[Round "8.4"]
[White "Olsen, Filip Boe"]
[Black "Borge, Nikolaj"]
[Result "1/2-1/2"]
[WhiteElo "2433"]
[BlackElo "2388"]
[PlyCount "128"]
[EventDate "2022.10.29"]
[EventType "team-tourn"]
[EventRounds "9"]
[EventCountry "DEN"]
[SourceTitle "Live v. Kasper Jerwiarz"]
[WhiteTeam "Skanderborg"]
[BlackTeam "Hillerod"]

1. d4 d5 2. c4 dxc4 3. Nf3 Nf6 4. e3 a6 5. Bxc4 e6 6. O-O c5 7. Be2 Nc6 8. dxc5
Qxd1 9. Rxd1 Bxc5 10. b3 Nd5 11. Bb2 f6 12. Nbd2 Be7 13. Rac1 e5 14. Ne4 Be6
15. Ne1 O-O-O 16. Nd3 Kc7 17. Nec5 Bf7 18. Bg4 Bxc5 19. Nxc5 b6 20. Nxa6+ Kb7
21. Bf3 Kxa6 22. Rxc6 e4 23. Bxe4 Nb4 24. Rcd6 Rxd6 25. Rxd6 Nxa2 26. Bd4 Rb8
27. Rd7 Bxb3 28. Rxg7 Nc1 29. Bxf6 Ne2+ 30. Kf1 Bc4 31. Ke1 b5 32. Rc7 Re8 33.
Bf3 Nc1 34. Kd2 Nb3+ 35. Kc3 Re6 36. Bh8 Ka5 37. Bd1 Rd6 38. Bc2 Nc1 39. Kb2
Ne2 40. Ra7+ Kb6 41. Ra1 Kc5 42. Bg7 Rd8 43. Bf6 Rd7 44. g4 b4 45. Rd1 Ra7 46.
Rd8 Ra2+ 47. Kb1 Nc3+ 48. Bxc3 bxc3 49. g5 Rb2+ 50. Kc1 Ra2 51. Rc8+ Kb4 52.
Rb8+ Kc5 53. h4 Ra1+ 54. Rb1 Ra7 55. h5 Be2 56. h6 Bh5 57. f4 Kc4 58. f5 Re7
59. e4 Ra7 60. e5 Ra5 61. Rb7 Ra1+ 62. Rb1 Ra5 63. Rb7 Ra1+ 64. Rb1 Ra5 1/2-1/2

[Event "Skakligaen 2022-23"]
[Site "Denmark"]
[Date "2023.03.25"]
[Round "8.5"]
[White "Storme, Isak"]
[Black "Pajeken, Jakob Leon"]
[Result "1/2-1/2"]
[WhiteElo "2424"]
[BlackElo "2458"]
[PlyCount "142"]
[EventDate "2022.10.29"]
[EventType "team-tourn"]
[EventRounds "9"]
[EventCountry "DEN"]
[SourceTitle "Live v. Kasper Jerwiarz"]
[WhiteTeam "Hillerod"]
[BlackTeam "Skanderborg"]

1. e4 c5 2. Nf3 d6 3. d4 cxd4 4. Nxd4 Nf6 5. Nc3 a6 6. f4 e5 7. Nf3 Qc7 8. Bd3
Be7 9. a4 O-O 10. O-O Nbd7 11. Kh1 b6 12. Qe1 Bb7 13. Nh4 g6 14. f5 Nc5 15. Bh6
Nxd3 16. cxd3 Rfe8 17. Qg3 Nh5 18. Qg4 Qd7 19. Rf3 Bf8 20. Be3 b5 21. axb5 axb5
22. Raf1 Bg7 23. Qh3 Re7 24. Bg5 Nf4 25. Bxf4 exf4 26. Rxf4 g5 27. Rg4 f6 28.
Nf3 d5 29. Nxd5 Bxd5 30. exd5 Qxd5 31. Rd4 Qb3 32. Qg4 Qxb2 33. h4 h6 34. Rb4
Qc2 35. Rxb5 Qxd3 36. Rfb1 Rae8 37. R5b3 Qe4 38. Qxe4 Rxe4 39. hxg5 fxg5 40.
Rb4 g4 41. Rxe4 Rxe4 42. Nh4 Be5 43. Ng6 Bg3 44. Rf1 Kf7 45. f6 Kxg6 46. f7 Bd6
47. f8=Q Bxf8 48. Rxf8 Kh5 49. Kh2 Kh4 50. Rf5 Re2 51. Rf8 Ra2 52. Rf5 Rb2 53.
Rf8 h5 54. Rf5 Ra2 55. Rf8 Ra1 56. g3+ Kg5 57. Rf2 Ra3 58. Kg2 Kg6 59. Rb2 Kf5
60. Rb5+ Ke4 61. Rxh5 Ra2+ 62. Kg1 Kf3 63. Rb5 Re2 64. Rb1 Re3 65. Rf1+ Kxg3
66. Ra1 Rb3 67. Rc1 Kh3 68. Ra1 Rb2 69. Ra3+ g3 70. Ra1 Rg2+ 71. Kh1 Re2
1/2-1/2

[Event "Skakligaen 2022-23"]
[Site "Denmark"]
[Date "2023.03.25"]
[Round "8.6"]
[White "Pedersen, Nicolai Vesterbaek"]
[Black "Ostergaard, Jens"]
[Result "0-1"]
[WhiteElo "2367"]
[BlackElo "2253"]
[PlyCount "112"]
[EventDate "2022.10.29"]
[EventType "team-tourn"]
[EventRounds "9"]
[EventCountry "DEN"]
[SourceTitle "Live v. Kasper Jerwiarz"]
[WhiteTeam "Skanderborg"]
[BlackTeam "Hillerod"]

1. Nf3 Nf6 2. g3 g6 3. b3 Bg7 4. Bb2 O-O 5. Bg2 d6 6. d4 e5 7. dxe5 Ng4 8. O-O
Nc6 9. c4 dxe5 10. e4 Nd4 11. Nxd4 exd4 12. h3 Nh6 13. f4 c5 14. Nd2 a5 15. Nf3
Qc7 16. Qd3 f6 17. Rae1 Nf7 18. Bc1 Bd7 19. g4 Bc6 20. h4 Rae8 21. g5 Qe7 22.
gxf6 Bxf6 23. Ng5 Bg7 24. Bd2 b6 25. Re2 Qb7 26. Rfe1 Nxg5 27. hxg5 Re7 28. a3
Rfe8 29. b4 axb4 30. axb4 cxb4 31. Bxb4 Rf7 32. Bd2 Rd8 33. Rb1 Qc7 34. Rf2 Re7
35. Bc1 Rde8 36. Re2 Rf7 37. Rf2 Bf8 38. Bd2 Ra8 39. f5 Ra3 40. Rb3 Ra1+ 41.
Rf1 Rxf1+ 42. Kxf1 Bc5 43. f6 Qe5 44. Qf3 Qe6 45. Qe2 Ra7 46. Rb1 Ra3 47. Re1
Rg3 48. Bf4 Rc3 49. Bd2 Rxc4 50. Qf3 Rc2 51. Bh3 Qc4+ 52. Kg1 Rxd2 53. Qg4 d3+
54. Kh1 Bxe4+ 55. Qxe4 Qxe4+ 56. Rxe4 Re2 0-1

[Event "Skakligaen 2022-23"]
[Site "Denmark"]
[Date "2023.03.25"]
[Round "8.7"]
[White "Jaksland, Tim"]
[Black "Brondt, Nicolai Kvist"]
[Result "1/2-1/2"]
[WhiteElo "2100"]
[BlackElo "2248"]
[PlyCount "38"]
[EventDate "2022.10.29"]
[EventType "team-tourn"]
[EventRounds "9"]
[EventCountry "DEN"]
[SourceTitle "Live v. Kasper Jerwiarz"]
[WhiteTeam "Hillerod"]
[BlackTeam "Skanderborg"]

1. e4 c5 2. c3 d5 3. exd5 Qxd5 4. d4 e6 5. Nf3 Nf6 6. Na3 Nc6 7. Be3 cxd4 8.
Nb5 Qd8 9. Nfxd4 Nd5 10. Bd2 Be7 11. Nxc6 bxc6 12. Nd4 Bd7 13. Bd3 O-O 14. O-O
Qb6 15. Rb1 Rfd8 16. Re1 Nf6 17. Qe2 Qc7 18. Bg5 Be8 19. Rbd1 Rd5 1/2-1/2

[Event "Skakligaen 2022-23"]
[Site "Denmark"]
[Date "2023.03.25"]
[Round "8.8"]
[White "Berg, Klaus"]
[Black "Pedersen, Jan Nordenbaek"]
[Result "1/2-1/2"]
[WhiteElo "2278"]
[BlackElo "2132"]
[PlyCount "32"]
[EventDate "2022.10.29"]
[EventType "team-tourn"]
[EventRounds "9"]
[EventCountry "DEN"]
[SourceTitle "Live v. Kasper Jerwiarz"]
[WhiteTeam "Skanderborg"]
[BlackTeam "Hillerod"]

1. d4 Nf6 2. c4 g6 3. Nc3 Bg7 4. e4 d6 5. f3 O-O 6. Bg5 c5 7. d5 h6 8. Be3 e6
9. Qd2 exd5 10. cxd5 Re8 11. Nge2 Nbd7 12. Nc1 Nh7 13. Be2 Ne5 14. O-O h5 15.
f4 Ng4 16. Bxg4 Bxg4 1/2-1/2

[Event "Skakligaen 2022-23"]
[Site "Denmark"]
[Date "2023.03.25"]
[Round "8.1"]
[White "Hector, Jonny"]
[Black "Nielsen, Viktor Haarmark"]
[Result "1-0"]
[WhiteElo "2454"]
[BlackElo "2384"]
[PlyCount "45"]
[EventDate "2022.10.29"]
[EventType "team-tourn"]
[EventRounds "9"]
[EventCountry "DEN"]
[SourceTitle "Live v. Kasper Jerwiarz"]
[WhiteTeam "Nordkalotten"]
[BlackTeam "Obro"]

1. e4 e5 2. Nf3 Nc6 3. d4 exd4 4. Nxd4 Bc5 5. Be3 Qf6 6. c3 Nge7 7. Bc4 O-O 8.
O-O b6 9. Nc2 Qg6 10. Nd2 Bxe3 11. Nxe3 Bb7 12. f4 Na5 13. Bd3 d5 14. f5 Qg5
15. Rf3 dxe4 16. Nxe4 Bxe4 17. Bxe4 Rad8 18. Qe2 Rd6 19. Raf1 Qh5 20. Qf2 Nac6
21. Rh3 Qg5 22. Rg3 Qh5 23. f6 1-0

[Event "Skakligaen 2022-23"]
[Site "Denmark"]
[Date "2023.03.25"]
[Round "8.2"]
[White "Nunez, Ruben Domingo"]
[Black "Jepson, Christian"]
[Result "1-0"]
[WhiteElo "2383"]
[BlackElo "2401"]
[PlyCount "105"]
[EventDate "2022.10.29"]
[EventType "team-tourn"]
[EventRounds "9"]
[EventCountry "DEN"]
[SourceTitle "Live v. Kasper Jerwiarz"]
[WhiteTeam "Obro"]
[BlackTeam "Nordkalotten"]

1. e4 g6 2. d4 Bg7 3. Nc3 c6 4. h3 d5 5. Nf3 Nh6 6. Bf4 O-O 7. e5 f6 8. Qd2 Nf7
9. O-O-O a5 10. h4 Bg4 11. h5 Bxh5 12. Rxh5 gxh5 13. Bd3 fxe5 14. dxe5 Nd7 15.
e6 Nfe5 16. exd7 Nxd3+ 17. cxd3 Qxd7 18. Re1 Qg4 19. Be5 Rf7 20. Bxg7 Rxg7 21.
Qe3 Rf8 22. Nd4 Rf6 23. g3 Rgf7 24. f4 h4 25. Nce2 hxg3 26. Nf3 Rg7 27. Ne5 Qh4
28. Rg1 Qh2 29. Rxg3 Rxg3 30. Nxg3 d4 31. Qf3 Qg1+ 32. Kc2 Qh2+ 33. Kb3 Qh3 34.
Ne4 Rh6 35. Qf2 Qe3 36. Qg2+ Rg6 37. Nxg6 Qxd3+ 38. Nc3 hxg6 39. Qe4 Qe3 40.
Qxe3 dxe3 41. Kc4 Kf7 42. Kd3 Ke6 43. Kxe3 Kf5 44. Ne4 b6 45. Nd2 a4 46. Nf3 c5
47. Nh4+ Kf6 48. Ke4 e6 49. Nf3 b5 50. Ne5 c4 51. a3 g5 52. fxg5+ Kxg5 53. Nf3+
1-0

[Event "Skakligaen 2022-23"]
[Site "Denmark"]
[Date "2023.03.25"]
[Round "8.3"]
[White "Brynell, Stellan"]
[Black "Hansen, Mads Smith"]
[Result "1-0"]
[WhiteElo "2383"]
[BlackElo "2375"]
[PlyCount "103"]
[EventDate "2022.10.29"]
[EventType "team-tourn"]
[EventRounds "9"]
[EventCountry "DEN"]
[SourceTitle "Live v. Kasper Jerwiarz"]
[WhiteTeam "Nordkalotten"]
[BlackTeam "Obro"]

1. d4 Nf6 2. Nf3 e6 3. c4 Bb4+ 4. Bd2 Qe7 5. g3 Nc6 6. Nc3 Bxc3 7. Bxc3 Ne4 8.
Rc1 Nb4 9. Qa4 a5 10. Bg2 O-O 11. O-O Nxc3 12. bxc3 Nc6 13. c5 d6 14. cxd6 cxd6
15. Rb1 e5 16. e3 Bf5 17. Rb2 Qc7 18. Qb5 Rab8 19. Nh4 Bd7 20. Qb6 Rfc8 21.
Rfb1 g5 22. Nf3 Bf5 23. Rd1 Qe7 24. Nd2 Bg4 25. Re1 exd4 26. cxd4 Nb4 27. Be4
d5 28. Bb1 Nc6 29. Bd3 Kg7 30. Bf1 Be6 31. Rc1 Qd8 32. Rc5 h6 33. a3 Qxb6 34.
Rxb6 Ne7 35. Nb3 a4 36. Na5 Rxc5 37. dxc5 Rc8 38. Nxb7 Rc7 39. Nd8 Bd7 40. Rb7
Rxb7 41. Nxb7 Kf6 42. Bd3 Nc8 43. Kf1 Na7 44. Ke2 Bb5 45. Nd6 Bxd3+ 46. Kxd3
Ke6 47. g4 f6 48. Nf5 Ke5 49. Nd4 Nc8 50. Nc6+ Ke6 51. Kd4 f5 52. f3 1-0